| 000 | 00766nam a2200229 a 4500 | ||
|---|---|---|---|
| 003 | UPN | ||
| 005 | 20240427063716.0 | ||
| 008 | 991125s1875 fr a fr 001 0 fre d | ||
| 035 | _aUPN01000012007 | ||
| 040 |
_aMX-MxUPN _bspa _cMX-MxUPN |
||
| 041 | _afre | ||
| 050 | 4 |
_aGB53 _bC6.2 1875 |
|
| 100 | 1 |
_aCortambert, Eugene, _d1805-1881 _931911 |
|
| 245 | 1 | 0 |
_aCours de géographie : _bcomprenant la description physique et politique et la géographie historique des diverses contrées du globe |
| 250 | _adixième édition | ||
| 260 |
_aParís : _bLibrairie Hachette et Cie, _c1873 |
||
| 300 |
_a798 páginas : _bilustraciones, mapas |
||
| 504 | _aIncluye índice. | ||
| 650 | 4 |
_aGeografía _xEstudio y enseñanza _910181 |
|
| 905 | _aLibro | ||
| 942 |
_2lcc _cLIBRO _n0 |
||
| 999 |
_c12007 _d12007 |
||